书目信息 |
| 题名: |
今日数学
|
|
| 作者: | 斯蒂恩 主编 ;马继芳 译 | |
| 分册: | ||
| 出版信息: | 上海 上海科学技术出版社 1982 |
|
| 页数: | 432页 | |
| 开本: | 19cm | |
| 丛书名: | ||
| 单 册: | ||
| 中图分类: | O1 , O1-51 | |
| 科图分类: | ||
| 主题词: | 数学 , 数学 | |
| 电子资源: | ||
| ISBN: | ||
| 000 | 00722nam0 2200265 45 | |
| 001 | 0182001168 | |
| 005 | 20070925103939.78 | |
| 010 | @dCNY1.25 | |
| 091 | @a13119.996 | |
| 100 | @a19950703d1982 em y0chiy0121 ea | |
| 101 | 1 | @achi@ceng |
| 102 | @aCN@b310000 | |
| 105 | @ay z 000yy | |
| 200 | 10 | @a今日数学@Ajin ri shu xue@e随笔十二篇@f(美)L.A.斯蒂恩主编@F(mei)L.A.si di en zhu bian@g马继芳译 |
| 210 | @a上海@c上海科学技术出版社@d1982 | |
| 215 | @a432页@d19cm | |
| 606 | 0 | @a数学 |
| 606 | @a数学 | |
| 690 | @aO1@v3 | |
| 690 | @aO1-51 | |
| 701 | 1 | @a斯蒂恩@Asi di en@bL.A.@4主编 |
| 702 | 0 | @a马继芳@Ama ji fang@4译 |
| 801 | 0 | @aCN@b上海图书馆@c20070925 |
| 801 | 2 | @aCN@bNLC@c20060428 |
| 905 | @dO1-51@e105 | |
| 今日数学:随笔十二篇/(美)L.A.斯蒂恩主编/马继芳译.-上海:上海科学技术出版社,1982 |
| 432页;19cm |
| ISBN :CNY1.25 |
| ● |
| 相关链接 |
|
|
|
|
正题名:今日数学
索取号:O1-51/105
 
预约/预借
| 序号 | 登录号 | 条形码 | 馆藏地/架位号 | 状态 | 备注 |
| 1 | 0089192 | 202292688 | 密集书库/ [索取号:O1-51/105] | 在馆 | |
| 2 | 0089193 | 202292731 | 密集书库/ [索取号:O1-51/105] | 在馆 | |
| 3 | 0089194 | 202292722 | 密集书库/ [索取号:O1-51/105] | 在馆 | |
| 4 | 0089195 | 202292508 | 密集书库/ [索取号:O1-51/105] | 在馆 | |
| 5 | 0089196 | 001246903 | 第三借阅区/ [索取号:O1-51/105] | 在馆 | |
| 6 | 0089197 | 001246912 | 第三借阅区/ [索取号:O1-51/105] | 在馆 | |
| 7 | 0089198 | 202292517 | 密集书库/ [索取号:O1-51/105] | 在馆 | |
| 8 | 0089199 | 202292544 | 密集书库/ [索取号:O1-51/105] | 在馆 | |
| 9 | 0089200 | 202293044 | 密集书库/ [索取号:O1-51/105] | 在馆 | |
| 10 | 0089201 | 001246896 | 第二样本阅览室/ [索取号:O1-51/105] | 在馆 | |
| 11 | 0609735 | 206097356 | 密集书库/ [索取号:O1-51/105] | 在馆 |